Very Difficult Flags #6 - Statistics

General Stats
  • This quiz has been taken 154 times
  • The average score is 7 of 16
Answer Stats
Picture Answer % Correct
Chad
97%
Texas
91%
NATO
77%
Northern Cyprus
69%
Tokelau
62%
Washington DC
42%
Canada (OLD)
41%
New Jersey
36%
Tokyo
36%
Saskatchewan
31%
Hokkaido
27%
Baden Wurttemberg
21%
Norway Sweden
18%
Ibiza
13%
Vienna
13%
Vancouver
5%
No matching quizzes found
Score Distribution
Percent of People with Each Score
Percentile by Number Answered
Your Score History
You have not taken this quiz